000 00623pab a2200205 454500
008 180718b2005 xxu||||| |||| 00| 0 eng d
100 _aAdhikari, Ritu
245 _aImpact of cable television on family life of people in Ludhiana city of Punjab - a micro level analysis
260 _c2005
300 _ap.33-45.
362 _aApr
650 _aFamily life - India - Punjab
650 _aTelevision - India - Punjab
650 _aCable television - India - Punjab
650 _aCable television
700 _aBalbir Kumar
700 _aGupta, A.K.
773 _aGuru Nanak Journal of Sociology
909 _a66879
999 _c66879
_d66879